000 00437cam a22001575a 4500
001 J100842
008 000000s1922 xxk 000 0 eng u
035 _a(Sirsi) u100842
110 _aAuctioneers' and Estate Agents' Institute of the United Kingdom
_93789
245 _aAnnual provincial meeting Liverpool 1922.
260 _c1922
300 _a60p.
651 4 _aUnited Kingdom
_y
690 _aBusiness and management
942 _n0
999 _c99872
_d99872